[Event "White Nights Open 2006"]
[Site "St. Petersburg RUS"]
[Date "2006.06.24"]
[Round "2.36"]
[White "Rumiantseva, Maria"]
[Black "Nikitinyh, Boris"]
[Result "0-1"]
[WhiteElo "2017"]
[BlackElo "2247"]
[PlyCount "110"]
[EventDate "2006.06.22"]
[EventType "swiss"]
[EventRounds "9"]
[EventCountry "RUS"]
[Source "lmi"]
[SourceDate "2006.06.29"]

1. d4 Nf6 2. c4 e6 3. Nf3 d5 4. g3 c6 5. Qc2 Nbd7 6. Nbd2 Be7 7. Bg2 O-O 8. O-O
Re8 9. e4 Nxe4 10. Nxe4 dxe4 11. Qxe4 Bf6 12. Ne5 c5 13. Nxd7 Bxd7 14. d5 exd5
15. Qxd5 Be6 16. Qxc5 Rc8 17. Qh5 Bxc4 18. Rd1 Qb6 19. Be3 Qxb2 20. Rab1 Qxa2
21. Rxb7 a6 22. Bd5 Bxd5 23. Qxd5 Qxd5 24. Rxd5 h6 25. Rdd7 Rf8 26. Ra7 Rc6 27.
Rdb7 Re8 28. Rxf7 Ree6 29. Rfd7 Kh7 30. Rd5 Kg6 31. h4 Be5 32. Kg2 Bc3 33. Bd2
Be5 34. Be3 Kf6 35. Bd4 Bxd4 36. Rxd4 Ke5 37. Ra4 g6 38. Rh7 h5 39. Rd7 Red6
40. Re7+ Kd5 41. Ree4 Kc5 42. Rec4+ Kb6 43. Rcb4+ Kc7 44. Rf4 Rf6 45. Kf3 Rxf4+
46. Kxf4 Kb6 47. Kg5 a5 48. g4 Kb5 49. Re4 hxg4 50. Rxg4 a4 51. f4 a3 52. Rg1
Ka4 53. f5 gxf5 54. Kxf5 a2 55. Rg7 Rc5+ 0-1

[Event "White Nights Open 2006"]
[Site "St. Petersburg RUS"]
[Date "2006.06.24"]
[Round "2.37"]
[White "Borisova, Elizaveta"]
[Black "Penkov, Aleksey"]
[Result "1-0"]
[WhiteElo "2214"]
[BlackElo "2006"]
[PlyCount "103"]
[EventDate "2006.06.22"]
[EventType "swiss"]
[EventRounds "9"]
[EventCountry "RUS"]
[Source "lmi"]
[SourceDate "2006.06.29"]

1. e4 d5 2. exd5 Nf6 3. d4 Nxd5 4. Nf3 Bg4 5. Be2 e6 6. O-O Bd6 7. c4 Nf4 8.
Bxf4 Bxf4 9. Qd3 Bf5 10. Qb3 Nd7 11. g3 Bh6 12. Re1 O-O 13. Nc3 Nf6 14. Rad1
Qc8 15. Ne5 Ne4 16. f4 c6 17. g4 Nxc3 18. Qxc3 f6 19. gxf5 fxe5 20. fxe5 Rxf5
21. Kh1 Qe8 22. Qh3 Rf2 23. Bd3 Qf7 24. Rf1 Re8 25. Rxf2 Qxf2 26. d5 cxd5 27.
cxd5 exd5 28. e6 Re7 29. Rf1 Qe3 30. Qf5 g6 31. Qxd5 Qb6 32. Qe5 Qc6+ 33. Be4
Qc7 34. Qf6 Bg7 35. Qf3 b5 36. Bd5 a5 37. a3 Qd8 38. Bb3 Bxb2 39. Rd1 Qe8 40.
Rd7 Bxa3 41. Qd5 a4 42. Ba2 b4 43. Rd8 b3 44. Rxe8+ Rxe8 45. Bb1 Re7 46. Qd8+
Kg7 47. Qd4+ Kh6 48. Qxa4 Rxe6 49. Qxb3 Re1+ 50. Kg2 Bc5 51. Qh3+ Kg7 52. Qc3+
1-0

[Event "White Nights Open 2006"]
[Site "St. Petersburg RUS"]
[Date "2006.06.24"]
[Round "2.38"]
[White "Glazov, Anatoly"]
[Black "Bazeev, German"]
[Result "1-0"]
[WhiteElo "2004"]
[BlackElo "2182"]
[PlyCount "47"]
[EventDate "2006.06.22"]
[EventType "swiss"]
[EventRounds "9"]
[EventCountry "RUS"]
[Source "lmi"]
[SourceDate "2006.06.29"]

1. e4 c5 2. Nf3 e6 3. d4 cxd4 4. Nxd4 Nf6 5. Nc3 d6 6. Bd3 a6 7. O-O Be7 8. Be3
b5 9. f4 Qc7 10. Qf3 Bb7 11. Qg3 Nbd7 12. a3 O-O 13. f5 e5 14. Nf3 Kh8 15. Qh3
Nc5 16. g4 Nfxe4 17. g5 g6 18. f6 Bd8 19. Qh6 Rg8 20. Nxe4 Nxe4 21. Nxe5 dxe5
22. Rf3 Nxg5 23. Rg3 Ne6 24. Qxh7+ 1-0

[Event "White Nights Open 2006"]
[Site "St. Petersburg RUS"]
[Date "2006.06.24"]
[Round "2.39"]
[White "Lysiniuk, Leonid"]
[Black "Kuzmin, Yuriy"]
[Result "0-1"]
[WhiteElo "2003"]
[BlackElo "2114"]
[PlyCount "84"]
[EventDate "2006.06.22"]
[EventType "swiss"]
[EventRounds "9"]
[EventCountry "RUS"]
[Source "lmi"]
[SourceDate "2006.06.29"]

1. d4 Nf6 2. Nf3 g6 3. c3 Bg7 4. Bf4 d5 5. Nbd2 O-O 6. h3 c5 7. e3 Bf5 8. Nh4
Bd7 9. Bd3 Nc6 10. Nhf3 Re8 11. O-O Qc8 12. Ne5 Bf5 13. Ndf3 Bxd3 14. Qxd3 Ne4
15. dxc5 Nxe5 16. Nxe5 Qxc5 17. f3 Nf6 18. Kh1 Rad8 19. Rad1 Nd7 20. Nxd7 Rxd7
21. e4 Red8 22. e5 d4 23. Rfe1 b5 24. Re4 dxc3 25. Qxd7 Rxd7 26. Rxd7 cxb2 27.
Re1 h6 28. Rdd1 Qc4 29. Bd2 Qxa2 30. Bc3 Qb3 31. Bd4 a5 32. Rb1 b4 33. Rxb2 Qc4
34. Rd2 a4 35. Bg1 b3 36. Re4 Qc1 37. Rd8+ Kh7 38. Rb8 b2 39. Reb4 Bxe5 40.
R8b7 Bf6 41. Kh2 a3 42. Bc5 Qxc5 0-1

[Event "White Nights Open 2006"]
[Site "St. Petersburg RUS"]
[Date "2006.06.24"]
[Round "2.41"]
[White "Belov, Mikhail"]
[Black "Grigoriev, Semyon"]
[Result "0-1"]
[WhiteElo "1994"]
[BlackElo "2106"]
[PlyCount "64"]
[EventDate "2006.06.22"]
[EventType "swiss"]
[EventRounds "9"]
[EventCountry "RUS"]
[Source "lmi"]
[SourceDate "2006.06.29"]

1. d4 d5 2. c4 c6 3. Nc3 Nf6 4. Bf4 Bf5 5. e3 e6 6. c5 Nbd7 7. Nf3 Be7 8. Qb3
Qc8 9. h3 O-O 10. Nh4 Be4 11. f3 Nh5 12. O-O-O Bxh4 13. fxe4 Bg3 14. exd5 exd5
15. Ne2 Bxf4 16. exf4 Qc7 17. Qf3 Nhf6 18. Nc3 b6 19. cxb6 axb6 20. Bd3 Rfe8
21. g4 b5 22. a3 b4 23. axb4 Qb6 24. b5 Ne4 25. bxc6 Nxc3 26. cxd7 Na2+ 27. Kb1
Reb8 28. Rd2 Nc3+ 29. Kc1 Ra1+ 30. Bb1 Rxb1+ 31. Kc2 Qb3+ 32. Kd3 Ne4+ 0-1

[Event "White Nights Open 2006"]
[Site "St. Petersburg RUS"]
[Date "2006.06.24"]
[Round "2.42"]
[White "Skrenev, Sergey"]
[Black "Kudriavtsev, Yury"]
[Result "1/2-1/2"]
[WhiteElo "2104"]
[BlackElo "1982"]
[PlyCount "51"]
[EventDate "2006.06.22"]
[EventType "swiss"]
[EventRounds "9"]
[EventCountry "RUS"]
[Source "lmi"]
[SourceDate "2006.06.29"]

1. e4 e6 2. d3 d5 3. Nd2 Nf6 4. Ngf3 c5 5. g3 Nc6 6. Bg2 dxe4 7. dxe4 e5 8. O-O
Be6 9. c3 Be7 10. Ng5 Bd7 11. f4 h6 12. Ngf3 Qc7 13. f5 O-O-O 14. Qe2 g6 15.
fxg6 fxg6 16. a3 Be6 17. b4 g5 18. Bb2 Nd7 19. Nc4 Kb8 20. Ne3 Nb6 21. a4 cxb4
22. a5 Nd7 23. cxb4 Bxb4 24. a6 b6 25. Nd5 Bc5+ 26. Kh1 1/2-1/2

[Event "White Nights Open 2006"]
[Site "St. Petersburg RUS"]
[Date "2006.06.24"]
[Round "2.44"]
[White "Kopasov, Alexander"]
[Black "Bogdanov, Andrei"]
[Result "0-1"]
[WhiteElo "1959"]
[BlackElo "2089"]
[PlyCount "48"]
[EventDate "2006.06.22"]
[EventType "swiss"]
[EventRounds "9"]
[EventCountry "RUS"]
[Source "lmi"]
[SourceDate "2006.06.29"]

1. d4 Nf6 2. c4 c5 3. d5 e6 4. Nc3 exd5 5. cxd5 d6 6. e4 a6 7. Nf3 g6 8. Be2
Bg7 9. O-O O-O 10. Bf4 b5 11. Qc2 Re8 12. e5 dxe5 13. Nxe5 Bb7 14. Rad1 Nxd5
15. Nxf7 Kxf7 16. Bf3 Bd4 17. Qb3 c4 18. Qa3 Nxf4 19. Bxb7 Ra7 20. Bd5+ Nxd5
21. Rxd4 b4 22. Qa4 bxc3 23. Qxc4 Rd7 24. Rfd1 c2 0-1

[Event "White Nights Open 2006"]
[Site "St. Petersburg RUS"]
[Date "2006.06.24"]
[Round "2.45"]
[White "Ryzhkov, Vjacheslav"]
[Black "Barinova, Valerija"]
[Result "0-1"]
[WhiteElo "2085"]
[BlackElo "1957"]
[PlyCount "60"]
[EventDate "2006.06.22"]
[EventType "swiss"]
[EventRounds "9"]
[EventCountry "RUS"]
[Source "lmi"]
[SourceDate "2006.06.29"]

1. e4 c6 2. d3 d5 3. Nd2 dxe4 4. dxe4 g6 5. Bc4 Bg7 6. Ngf3 Nf6 7. O-O O-O 8.
Qe2 Qc7 9. Nb3 Bg4 10. h3 Bxf3 11. Qxf3 Nbd7 12. Qe3 Rad8 13. f4 e5 14. f5 b5
15. Bd3 a6 16. g4 gxf5 17. Rxf5 c5 18. c4 Ne8 19. Bd2 Rc8 20. cxb5 Nd6 21. bxa6
c4 22. Ba5 Qb8 23. Rg5 cxb3 24. a3 h6 25. Rh5 Nf6 26. Rh4 Nc4 27. Bxc4 Rxc4 28.
Rf1 Rxe4 29. Qd3 Qa7+ 30. Kh1 Re3 0-1

[Event "White Nights Open 2006"]
[Site "St. Petersburg RUS"]
[Date "2006.06.24"]
[Round "2.46"]
[White "Lychik, Robert"]
[Black "Nikologorskiy, Konstantin"]
[Result "0-1"]
[WhiteElo "2078"]
[BlackElo "1946"]
[PlyCount "44"]
[EventDate "2006.06.22"]
[EventType "swiss"]
[EventRounds "9"]
[EventCountry "RUS"]
[Source "lmi"]
[SourceDate "2006.06.29"]

1. e4 c5 2. d4 cxd4 3. Nf3 d6 4. Bc4 Nf6 5. e5 dxe5 6. c3 Nc6 7. O-O Bg4 8. Qb3
e6 9. Qxb7 Bxf3 10. gxf3 Rc8 11. f4 Qd7 12. Qb5 e4 13. cxd4 Nxd4 14. Qa6 Bc5
15. Be3 O-O 16. Nc3 e5 17. Rfd1 Nf3+ 18. Kf1 Qh3+ 19. Ke2 Bxe3 20. Kxe3 exf4+
21. Kxf4 Qh6+ 22. Kg3 Qxh2# 0-1

[Event "White Nights Open 2006"]
[Site "St. Petersburg RUS"]
[Date "2006.06.24"]
[Round "2.47"]
[White "Stroganov, Anatoly"]
[Black "Nikologorsky, Matfei"]
[Result "0-1"]
[WhiteElo "1940"]
[BlackElo "2075"]
[PlyCount "60"]
[EventDate "2006.06.22"]
[EventType "swiss"]
[EventRounds "9"]
[EventCountry "RUS"]
[Source "lmi"]
[SourceDate "2006.06.29"]

1. d4 d5 2. Nf3 Nf6 3. e3 Bf5 4. Be2 e6 5. O-O c5 6. c3 Bd6 7. dxc5 Bxc5 8. Nd4
Bg6 9. Bd3 e5 10. Nf3 Nc6 11. Bxg6 hxg6 12. b4 Bd6 13. b5 e4 14. g3 Qc8 15. Ng5
Ne5 16. f4 Nd3 17. Qe2 Bc5 18. Bd2 Qd7 19. a4 Ng8 20. Nf3 exf3 21. Qxd3 Qh3 22.
Rf2 Nf6 23. Qf1 Qh5 24. h4 Qg4 25. Kh2 Rxh4+ 26. gxh4 Qxh4+ 27. Kg1 Ng4 28. Ra2
O-O-O 29. Rg2 Rh8 30. Qxf3 Qh1# 0-1

[Event "White Nights Open 2006"]
[Site "St. Petersburg RUS"]
[Date "2006.06.24"]
[Round "2.49"]
[White "Smirnov, Vladimir G"]
[Black "Manina, Ksenia"]
[Result "1-0"]
[WhiteElo "1766"]
[BlackElo "2072"]
[PlyCount "53"]
[EventDate "2006.06.22"]
[EventType "swiss"]
[EventRounds "9"]
[EventCountry "RUS"]
[Source "lmi"]
[SourceDate "2006.06.29"]

1. d4 Nf6 2. c4 g6 3. Nc3 Bg7 4. e4 O-O 5. Be3 d6 6. f3 Nc6 7. Qd2 a6 8. O-O-O
Bd7 9. Kb1 Qb8 10. g4 Na7 11. e5 Ne8 12. Bh6 b5 13. h4 f5 14. h5 fxg4 15. hxg6
Bf5+ 16. Ka1 Bxg6 17. Nd5 Nc6 18. Bd3 Qc8 19. Bxg6 hxg6 20. Bxg7 Nxg7 21. Qh6
bxc4 22. fxg4 Rf2 23. Nh3 Rh2 24. Rxh2 Qxg4 25. Nf2 Qf3 26. Nxc7 Rb8 27. Ne6
1-0

[Event "White Nights Open 2006"]
[Site "St. Petersburg RUS"]
[Date "2006.06.24"]
[Round "2.52"]
[White "Sorokina, Anastasia"]
[Black "Kosov, Igor"]
[Result "0-1"]
[WhiteElo "2062"]
[BlackElo "1684"]
[PlyCount "72"]
[EventDate "2006.06.22"]
[EventType "swiss"]
[EventRounds "9"]
[EventCountry "RUS"]
[Source "lmi"]
[SourceDate "2006.06.29"]

1. d4 Nf6 2. c4 g6 3. Nc3 Bg7 4. e4 d6 5. f3 O-O 6. Bg5 Nc6 7. d5 Ne5 8. Qd2 c6
9. Be2 Rb8 10. a4 Qa5 11. g4 a6 12. Bh6 b5 13. h4 bxc4 14. Bxg7 Kxg7 15. h5
Nd3+ 16. Bxd3 cxd5 17. Nh3 cxd3 18. exd5 Nxd5 19. hxg6 Nxc3 20. Ng5 Qe5+ 21.
Ne4 fxg6 22. Qh6+ Kf7 23. Qxh7+ Ke8 24. Qxg6+ Kd7 25. bxc3 Rxf3 26. O-O-O Rf4
27. Rh5 Qxe4 28. Qxe4 Rxe4 29. Rxd3 Rxg4 30. a5 Rg2 31. Re3 e5 32. Rd3 Rb5 33.
Rh7+ Kc6 34. Rh6 Rd5 35. Re3 Rxa5 36. Kb1 Bf5+ 0-1

[Event "White Nights Open 2006"]
[Site "St. Petersburg RUS"]
[Date "2006.06.25"]
[Round "3.1"]
[White "Sivokho, Sergey"]
[Black "Turikov, Viktor"]
[Result "1-0"]
[WhiteElo "2469"]
[BlackElo "2340"]
[PlyCount "107"]
[EventDate "2006.06.22"]
[EventType "swiss"]
[EventRounds "9"]
[EventCountry "RUS"]
[Source "lmi"]
[SourceDate "2006.06.29"]

1. e4 b6 2. d4 Bb7 3. Nc3 e6 4. Nf3 Bb4 5. Bd3 Nf6 6. Bg5 h6 7. Bxf6 Bxc3+ 8.
bxc3 Qxf6 9. O-O Nc6 10. e5 Qe7 11. Nd2 O-O-O 12. a4 d6 13. f4 g5 14. Be4 Kb8
15. Qf3 d5 16. Bd3 f5 17. exf6 Qxf6 18. Qe3 Rde8 19. Rae1 Re7 20. fxg5 Qxg5 21.
Nf3 Qg4 22. Re2 h5 23. a5 Rg8 24. a6 Bc8 25. Bb5 Nd8 26. Ne5 Qg7 27. Qf4 Qh8
28. Rf3 Ka8 29. Ref2 Qh7 30. c4 dxc4 31. Rc3 c6 32. Nxc6 Rc7 33. Ne5 Qe7 34.
Rxc4 Rxc4 35. Bxc4 b5 36. Bd3 Qd6 37. Bxb5 Qd5 38. c4 Qd6 39. h3 Rh8 40. Kh2
Rg8 41. g3 Rh8 42. Ng6 Qxf4 43. Rxf4 Rh6 44. Ne5 Rh8 45. Kg2 Kb8 46. g4 hxg4
47. hxg4 Kc7 48. g5 Rg8 49. g6 Kd6 50. Kf3 Ke7 51. Kg4 Rf8 52. Rxf8 Kxf8 53.
Kh5 Kg7 54. Kg5 1-0

[Event "White Nights Open 2006"]
[Site "St. Petersburg RUS"]
[Date "2006.06.25"]
[Round "3.3"]
[White "Eliseev, Alexei"]
[Black "Kostin, Sergei"]
[Result "0-1"]
[WhiteElo "2425"]
[BlackElo "2280"]
[PlyCount "124"]
[EventDate "2006.06.22"]
[EventType "swiss"]
[EventRounds "9"]
[EventCountry "RUS"]
[Source "lmi"]
[SourceDate "2006.06.29"]

1. d4 Nf6 2. c4 g6 3. Nc3 Bg7 4. e4 d6 5. f3 O-O 6. Bg5 a6 7. Qd2 c6 8. O-O-O
b5 9. e5 Ne8 10. f4 Nd7 11. Nf3 bxc4 12. Bxc4 Nb6 13. Bb3 a5 14. exd6 Nxd6 15.
Rhe1 Re8 16. Ne5 Qc7 17. f5 a4 18. Nxa4 Rxa4 19. fxg6 hxg6 20. Nxg6 Rc4+ 21.
Bxc4 Ndxc4 22. Nxe7+ Rxe7 23. Rxe7 Qxe7 24. Bxe7 Nxd2 25. Kxd2 Bxd4 26. b4 Nc4+
27. Kd3 Nb2+ 28. Kxd4 Nxd1 29. a4 f5 30. Bg5 Kf7 31. a5 Ke6 32. h4 Nf2 33. h5
Ne4 34. Bh4 Bb7 35. g3 Kf7 36. Ke5 Bc8 37. g4 Nd2 38. Kd6 fxg4 39. Kxc6 Nf3 40.
Bg3 Nd4+ 41. Kc7 Ba6 42. Kb6 Be2 43. a6 Nf5 44. a7 Bf3 45. Bf2 g3 46. Bc5 Ng7
47. Bg1 Ne6 48. b5 Kf6 49. Be3 g2 50. Bg1 Kg5 51. Ka5 Kxh5 52. b6 Kg5 53. Kb5
Kf5 54. Bh2 Bb7 55. Kc4 Ke4 56. Bg1 Kf3 57. Kd3 Bd5 58. Kd2 Nf4 59. Bc5 Ke4 60.
Kc3 Bc6 61. Bf2 Nh3 62. Bc5 Kf3 0-1

[Event "White Nights Open 2006"]
[Site "St. Petersburg RUS"]
[Date "2006.06.25"]
[Round "3.4"]
[White "Utkin, Aleksey"]
[Black "Egorov, Dmitry"]
[Result "0-1"]
[WhiteElo "2388"]
[BlackElo "2215"]
[PlyCount "104"]
[EventDate "2006.06.22"]
[EventType "swiss"]
[EventRounds "9"]
[EventCountry "RUS"]
[Source "lmi"]
[SourceDate "2006.06.29"]

1. d4 Nf6 2. Nf3 c5 3. d5 d6 4. Nc3 g6 5. e4 Bg7 6. Bb5+ Bd7 7. a4 O-O 8. O-O
a6 9. Be2 Bg4 10. h3 Bxf3 11. Bxf3 Nbd7 12. Bf4 Rb8 13. Be2 b5 14. axb5 axb5
15. Nxb5 Nxe4 16. Qd3 f5 17. Ra7 Ne5 18. Qe3 Rxb5 19. Bxb5 Qb6 20. Rfa1 Qxb5
21. Rxe7 Nf7 22. Raa7 Bd4 23. Qd3 Bxf2+ 24. Kh2 Qxb2 25. Reb7 Qd4 26. Qxd4 Bxd4
27. h4 Nc3 28. Bg5 Nxd5 29. c4 h6 30. Bc1 Ne3 31. Bxe3 Bxe3 32. Kg3 Bd4 33. Kh3
Kg7 34. Kg3 Kf6 35. Rd7 Be5+ 36. Kf3 g5 37. hxg5+ Nxg5+ 38. Ke3 Rf7 39. Rxf7+
Nxf7 40. Ra8 Ng5 41. Rh8 Kg6 42. Rg8+ Kh5 43. Rf8 f4+ 44. Kf2 Kg4 45. Rg8 Kf5
46. Ke2 Ke4 47. Rg6 Nf7 48. Rg4 Bf6 49. g3 Bg5 50. gxf4 Bxf4 51. Rg6 Kf5 52.
Rg1 Ne5 0-1

[Event "White Nights Open 2006"]
[Site "St. Petersburg RUS"]
[Date "2006.06.25"]
[Round "3.5"]
[White "Ivanov, Alexey"]
[Black "Prelovskij, Rudolf"]
[Result "1-0"]
[WhiteElo "2375"]
[BlackElo "2184"]
[PlyCount "137"]
[EventDate "2006.06.22"]
[EventType "swiss"]
[EventRounds "9"]
[EventCountry "RUS"]
[Source "lmi"]
[SourceDate "2006.06.29"]

1. e4 c5 2. Nf3 d6 3. d4 cxd4 4. Nxd4 Nf6 5. Nc3 a6 6. Be3 e6 7. f3 b5 8. Qd2
Nbd7 9. g4 Nb6 10. O-O-O Bb7 11. Qf2 Nfd7 12. Kb1 Rc8 13. Nce2 Nc4 14. g5 Nxe3
15. Qxe3 Qb6 16. Bh3 Be7 17. f4 d5 18. exd5 Bxd5 19. f5 Bxh1 20. fxe6 fxe6 21.
Rxh1 Nf8 22. Qe4 Rd8 23. Rf1 Rd6 24. Qe5 Ng6 25. Qe4 Rf8 26. Re1 Rf2 27. Nxe6
Qc6 28. Qxc6+ Rxc6 29. N2d4 Rd6 30. Nxg7+ Kf7 31. Ngf5 Rb6 32. Nh6+ Ke8 33. Ng4
Rd2 34. c3 b4 35. Kc1 bxc3 36. bxc3 Rdb2 37. Nf6+ Kf7 38. Be6+ Rxe6 39. Rxe6
Rxa2 40. Rb6 Rxh2 41. Nf5 Rf2 42. Nh6+ Kg7 43. Rb8 Nf8 44. Rb7 Ng6 45. Nd5 Re2
46. Nf5+ Kf7 47. Nh6+ Kg7 48. Ng4 Kf7 49. Ngf6 Rh2 50. c4 Rh4 51. Rc7 Ke6 52.
Kc2 h6 53. Rc6+ Kf5 54. gxh6 Rxh6 55. Ne3+ Kg5 56. Nfd5 Bf8 57. Rxa6 Rh2+ 58.
Kb3 Ne5 59. Ra8 Nd7 60. Rd8 Nc5+ 61. Kc3 Bg7+ 62. Kb4 Ne6 63. Re8 Rh6 64. Ra8
Bd4 65. Ra2 Rh3 66. Rg2+ Kh5 67. Nf5 Bc5+ 68. Kb5 Rf3 69. Nf6# 1-0

[Event "White Nights Open 2006"]
[Site "St. Petersburg RUS"]
[Date "2006.06.25"]
[Round "3.6"]
[White "Smirnov, Sergei"]
[Black "Novikov, Mikhail V"]
[Result "1-0"]
[WhiteElo "2283"]
[BlackElo "2343"]
[PlyCount "71"]
[EventDate "2006.06.22"]
[EventType "swiss"]
[EventRounds "9"]
[EventCountry "RUS"]
[Source "lmi"]
[SourceDate "2006.06.29"]

1. Nf3 c5 2. c4 Nc6 3. Nc3 g6 4. e3 Nf6 5. d4 Bg7 6. d5 Nb8 7. e4 d6 8. h3 O-O
9. Bd3 e6 10. O-O exd5 11. cxd5 Nbd7 12. Bf4 Qe7 13. Re1 Nh5 14. Bg5 Bf6 15.
Bh6 Bg7 16. Bxg7 Kxg7 17. Qd2 Ne5 18. Be2 Nxf3+ 19. Bxf3 Qe5 20. Bxh5 Qxh5 21.
f4 Qh4 22. Nb5 Qd8 23. e5 dxe5 24. fxe5 b6 25. Nd6 Qe7 26. Qc3 Rd8 27. Rf1 Rf8
28. Rae1 Ba6 29. Rf4 Rad8 30. Re3 Kg8 31. Ne4 Bb7 32. Nf6+ Kh8 33. Rh4 h5 34.
Qd3 Kg7 35. Nxh5+ gxh5 36. Rg3+ 1-0

[Event "White Nights Open 2006"]
[Site "St. Petersburg RUS"]
[Date "2006.06.25"]
[Round "3.8"]
[White "Frolochkin, Vladimir"]
[Black "Mukhin, Georgy"]
[Result "0-1"]
[WhiteElo "2200"]
[BlackElo "2340"]
[PlyCount "86"]
[EventDate "2006.06.22"]
[EventType "swiss"]
[EventRounds "9"]
[EventCountry "RUS"]
[Source "lmi"]
[SourceDate "2006.06.29"]

1. e4 c5 2. Nf3 g6 3. c3 Bg7 4. d4 cxd4 5. cxd4 Nf6 6. e5 Ne4 7. Bd3 d5 8. O-O
Nc6 9. Re1 O-O 10. h3 Bf5 11. g4 Be6 12. Nc3 Qb6 13. Na4 Qd8 14. Be3 f5 15.
exf6 exf6 16. Qb3 Na5 17. Qb4 b6 18. Nc3 f5 19. Bxe4 dxe4 20. Bg5 Qb8 21. d5
Bd7 22. Nh2 Nb7 23. d6 Nc5 24. Rad1 Rf7 25. Nd5 Qb7 26. Qc4 Ne6 27. Ne7+ Kh8
28. Bc1 Raf8 29. Qd5 Qa6 30. g5 Nc5 31. h4 Be6 32. Qd2 Qxa2 33. h5 gxh5 34. g6
Rf6 35. Qg5 Nd3 36. Qxh5 Bg8 37. Bh6 Nxe1 38. Bxg7+ Kxg7 39. gxh7 Bxh7 40. d7
Rd8 41. Kh1 Qe6 42. Qe8 Rf8 43. Nxf5+ Bxf5 0-1

[Event "White Nights Open 2006"]
[Site "St. Petersburg RUS"]
[Date "2006.06.25"]
[Round "3.9"]
[White "Kosarev, Dmitry"]
[Black "Karasev, Vladimir I"]
[Result "1-0"]
[WhiteElo "2185"]
[BlackElo "2386"]
[PlyCount "55"]
[EventDate "2006.06.22"]
[EventType "swiss"]
[EventRounds "9"]
[EventCountry "RUS"]
[Source "lmi"]
[SourceDate "2006.06.29"]

1. d4 b6 2. c4 Bb7 3. Nc3 e6 4. e4 Bb4 5. f3 Qh4+ 6. g3 Bxc3+ 7. bxc3 Qe7 8.
Bd3 Nc6 9. Ne2 Na5 10. c5 f5 11. exf5 Bxf3 12. O-O Bg4 13. fxe6 Nf6 14. exd7+
Qxd7 15. cxb6 axb6 16. Bg5 O-O 17. Bxf6 Rxf6 18. Rxf6 gxf6 19. Qc2 Qe7 20. Nf4
Kh8 21. Rf1 Rd8 22. Qf2 c5 23. Re1 Qf8 24. h3 Bc8 25. Qe2 Qh6 26. Qe3 cxd4 27.
cxd4 Nc6 28. Ng6+ 1-0

[Event "White Nights Open 2006"]
[Site "St. Petersburg RUS"]
[Date "2006.06.25"]
[Round "3.10"]
[White "Goganov, Aleksey"]
[Black "Mishuchkov, Nikolai M"]
[Result "0-1"]
[WhiteElo "2175"]
[BlackElo "2371"]
[PlyCount "110"]
[EventDate "2006.06.22"]
[EventType "swiss"]
[EventRounds "9"]
[EventCountry "RUS"]
[Source "lmi"]
[SourceDate "2006.06.29"]

1. d4 Nf6 2. c4 e6 3. Nc3 Bb4 4. e3 b6 5. Nge2 Ne4 6. f3 Nxc3 7. bxc3 Be7 8.
Nf4 Nc6 9. Bd3 Na5 10. O-O Ba6 11. Qe2 d6 12. e4 Qd7 13. Rb1 c5 14. e5 dxe5 15.
Nh5 O-O-O 16. Qxe5 g6 17. Nf6 Qc7 18. Qxc7+ Kxc7 19. Bf4+ Bd6 20. Bh6 Bxc4 21.
Bxc4 Nxc4 22. Rfd1 Rc8 23. Bg7 Rhd8 24. Nxh7 cxd4 25. cxd4 Kb7 26. Ng5 Bf4 27.
Bf6 Be3+ 28. Kh1 Bxg5 29. Bxg5 Rd5 30. Bf6 Rf5 31. Bh4 Ra5 32. Ra1 Ne3 33. Rd2
Rc2 34. Be1 Ra3 35. h4 Rxd2 36. Bxd2 Nc2 37. Rb1 Nxd4 38. Rb2 Nf5 39. Bg5 Kc6
40. Rd2 e5 41. Kh2 Ra4 42. Kh3 Nd4 43. Be3 Kd5 44. g4 Ra3 45. Bxd4 exd4 46. Kg3
Re3 47. h5 gxh5 48. gxh5 d3 49. h6 Kd4 50. Rh2 Re8 51. h7 Rh8 52. Kf4 Kc3 53.
Kf5 d2 54. Rh1 Kc2 55. Kf6 Rxh7 0-1

[Event "White Nights Open 2006"]
[Site "St. Petersburg RUS"]
[Date "2006.06.25"]
[Round "3.11"]
[White "Eltsov, Valery"]
[Black "Kryschilovskij, Andrej"]
[Result "0-1"]
[WhiteElo "2126"]
[BlackElo "2347"]
[PlyCount "92"]
[EventDate "2006.06.22"]
[EventType "swiss"]
[EventRounds "9"]
[EventCountry "RUS"]
[Source "lmi"]
[SourceDate "2006.06.29"]

1. e4 c5 2. Nf3 e6 3. d4 cxd4 4. Nxd4 a6 5. c4 Qc7 6. Nc3 Nf6 7. Be2 d6 8. O-O
Be7 9. Be3 O-O 10. Rc1 b6 11. f3 Bb7 12. Qd2 Nbd7 13. Rfd1 Rac8 14. Bf1 Qb8 15.
Qf2 Ba8 16. Kh1 Rfe8 17. b3 Kh8 18. Kg1 Bd8 19. Kh1 Bc7 20. g3 h6 21. Bg2 Ne5
22. Qd2 Rg8 23. f4 Ned7 24. Re1 Bb7 25. Bg1 Qa8 26. Qe2 Rge8 27. Nc2 Nc5 28.
Nb4 b5 29. cxb5 Ba5 30. Nxa6 Bxc3 31. Rxc3 Ncxe4 32. Rxc8 Rxc8 33. Bd4 h5 34.
Bxf6 Nxf6 35. Nb4 Bxg2+ 36. Qxg2 Qa5 37. Qd2 Qxb5 38. Qxd6 h4 39. Kg2 Qb7+ 40.
Kh3 Qf3 41. Qd3 Qh5 42. Kg2 h3+ 43. Kf1 Qa5 44. Qd4 Qa8 45. Re2 Rc1+ 46. Kf2
Ng4# 0-1

[Event "White Nights Open 2006"]
[Site "St. Petersburg RUS"]
[Date "2006.06.25"]
[Round "3.12"]
[White "Feofanov, Denis"]
[Black "Kostyuchenko, Vladimir"]
[Result "1-0"]
[WhiteElo "2347"]
[BlackElo "2138"]
[PlyCount "45"]
[EventDate "2006.06.22"]
[EventType "swiss"]
[EventRounds "9"]
[EventCountry "RUS"]
[Source "lmi"]
[SourceDate "2006.06.29"]

1. c4 c5 2. Nc3 Nc6 3. Nf3 Nf6 4. g3 e6 5. Bg2 d5 6. cxd5 exd5 7. d4 Be7 8. O-O
O-O 9. Bg5 cxd4 10. Nxd4 h6 11. Be3 Be6 12. Kh1 Qd7 13. Nxe6 fxe6 14. f4 d4 15.
Ne4 Rad8 16. Bg1 e5 17. Qb3+ Kh8 18. fxe5 Nxe5 19. Rad1 Nc6 20. Nf2 Nd5 21. Nd3
Ne3 22. Bxe3 dxe3 23. Nf4 1-0

[Event "White Nights Open 2006"]
[Site "St. Petersburg RUS"]
[Date "2006.06.25"]
[Round "3.13"]
[White "Akatova, Ekaterina"]
[Black "Abramov, Valentin"]
[Result "1-0"]
[WhiteElo "2159"]
[BlackElo "2333"]
[PlyCount "89"]
[EventDate "2006.06.22"]
[EventType "swiss"]
[EventRounds "9"]
[EventCountry "RUS"]
[Source "lmi"]
[SourceDate "2006.06.29"]

1. e4 c5 2. Nf3 Nc6 3. d4 cxd4 4. Nxd4 Nf6 5. Nc3 d6 6. f3 e5 7. Nb3 a5 8. Be3
a4 9. Nd2 Be6 10. Nc4 d5 11. exd5 Nxd5 12. Nxd5 Bxd5 13. Nb6 Ra5 14. c3 Be7 15.
Nxa4 Bxf3 16. Qxf3 Rxa4 17. Bb5 Ra5 18. Bxc6+ bxc6 19. Qxc6+ Qd7 20. Qxd7+ Kxd7
21. a4 Rha8 22. b3 Rd5 23. Ke2 Ke6 24. b4 f5 25. c4 Rd7 26. b5 f4 27. Bd2 Bc5
28. a5 g5 29. Rhb1 g4 30. Ra2 Kf5 31. b6 Ke4 32. a6 f3+ 33. Kf1 Rxa6 34. Rxa6
Rxd2 35. gxf3+ gxf3 36. Ra5 Rf2+ 37. Ke1 Rxh2 38. Rxc5 Rh1+ 39. Kf2 Rxb1 40.
Rb5 Ra1 41. b7 Ra2+ 42. Kg3 Rg2+ 43. Kh3 Rg8 44. b8=Q Rxb8 45. Rxb8 1-0